WWE Complete The Move Name - Statistics

General Stats
  • This quiz has been taken 1,597 times
  • The average score is 16 of 21
Answer Stats
First Half Second Half % Correct
Rock... Bottom
98%
Sweet Chin... Music
96%
Zig... Zag
96%
Attitude... Adjustment
94%
Go To... Sleep
92%
Sister... Abigail
91%
Brogue... Kick
91%
Choke... Slam
90%
Spine... Buster
88%
Skull Crushing... Finale
88%
Tombstone... Piledriver
88%
Clothesline From... Hell
83%
Knock Out... Punch
80%
Leg... Drop
76%
Five Star... Frog Splash
74%
Back... Breaker
60%
Cross... Rhodes
53%
Rough... Ryder
52%
European... Uppercut
48%
Final... Cut
26%
You're... Welcome
10%
No matching quizzes found
Score Distribution
Percent of People with Each Score
Percentile by Number Answered
Your Score History
You have not taken this quiz